000 00819nam a2200217Ii 4500
003 JO-AjNU
008 230605s9999||||xx |||||||||||||| ||und||
017 _a2011/9/3392
020 _a978-9957-33-277-8
040 _aJO-AjNU
_bara
_erda
_cJO-AjNU
041 _aara
050 1 4 _aG156.5.B39 2011
100 3 _aبظاظو، إبراهيم، م.مشارك الصرايرة، محمد نايف، م.مشارك الملكاوي،عمر جوابرة,
_eauthor
_950935
245 0 0 _aالسياحة البيئية بين النظرية والتطبيق
264 3 1 _aعمان: مؤسسة الوراق، 2011
300 _a310ص
336 _atext
_btxt
_2rdacontent
337 _aunmediated
_bn
_2rdamedia
338 _avolume
_bnc
_2rdacarrier
650 4 _aالسياحة-صناعة السياحة البيئة
_950936
999 _aA22468
_c26036
_d26036